Catálogo

"Un caminar de María Satísima en la iglesia" / (Registro nro. 62494)

Detalles MARC
000 -LEADER
fixed length control field 01012cam a2200289 i 4500
001 - CONTROL NUMBER
control field 62494
003 - CONTROL NUMBER IDENTIFIER
control field Mx-PuUPA
005 - DATE AND TIME OF LATEST TRANSACTION
control field 20230318114113.0
008 - FIXED-LENGTH DATA ELEMENTS--GENERAL INFORMATION
fixed length control field 150430s1984 mx a fr 001 0 spa d
040 ## - CATALOGING SOURCE
Transcribing agency Mx-PuUPA
Original cataloging agency Mx-PuUPA
Language of cataloging spa
Modifying agency Mx-PuUPA
Description conventions rda
041 0# - LANGUAGE CODE
Language code of text/sound track or separate title spa
100 1# - MAIN ENTRY--PERSONAL NAME
Personal name Aparicio, Carmen,
Relator term autor
245 14 - TITLE STATEMENT
Title "Un caminar de María Satísima en la iglesia" /
Statement of responsibility, etc. Carmen y Bernarda Aparicio.
246 13 - VARYING FORM OF TITLE
Title proper/short title Un caminar...
246 14 - VARYING FORM OF TITLE
Title proper/short title Un caminar de María Stma. en la Iglesia.
264 #1 - PRODUCTION, PUBLICATION, DISTRIBUTION, MANUFACTURE, AND COPYRIGHT NOTICE
Place of production, publication, distribution, manufacture México :
Name of producer, publisher, distributor, manufacturer Curia del Arzobispado de México,
Date of production, publication, distribution, manufacture, or copyright notice 1984
300 ## - PHYSICAL DESCRIPTION
Extent ix, 129 páginas :
Other physical details ilustraciones ;
Dimensions 24 cm
336 ## - CONTENT TYPE
Content type term texto
Fuente rdacontent
Content type code txt
337 ## - MEDIA TYPE
Media type term sin medio
Source rdamedia
Media type code n
338 ## - CARRIER TYPE
Carrier type term volumen
Source rdacarrier
Carrier type code nc
600 ## - SUBJECT ADDED ENTRY--PERSONAL NAME
Personal name Virgen María
General subdivision Apariciones y milagros
600 ## - SUBJECT ADDED ENTRY--PERSONAL NAME
Personal name Virgen de Guadalupe
General subdivision Apariciones y milagros
-- Historia
700 1# - ADDED ENTRY--PERSONAL NAME
Personal name Aparico, Bernarda,
Relator term autor
9 (RLIN) 392
942 ## - ADDED ENTRY ELEMENTS (KOHA)
Source of classification or shelving scheme Dewey Decimal Classification
Koha item type Libro
Classification part 232.917
Item part A635
Existencias
Withdrawn status Lost status Source of classification or shelving scheme Damaged status Not for loan Collection code Home library Current library Shelving location Date acquired Source of acquisition Total Checkouts Full call number Barcode Date last seen Price effective from Koha item type
    Dewey Decimal Classification     General Centro de Estudios Guadalupanos Centro de Estudios Guadalupanos Sala general 30/04/2015 Compra   232.917 A635 1984 93831 05/01/2026 30/04/2015 Libro